MARC details
| 000 -CABECERA |
| campo de control de longitud fija |
02367nam a2200361 i 4500 |
| 001 - NÚMERO DE CONTROL |
| campo de control |
000039356 |
| 003 - IDENTIFICADOR DEL NÚMERO DE CONTROL |
| campo de control |
DO-SdBNP |
| 005 - FECHA Y HORA DE LA ÚLTIMA TRANSACCIÓN |
| campo de control |
20251212082729.0 |
| 007 - CAMPO FIJO DE DESCRIPCIÓN FÍSICA--INFORMACIÓN GENERAL |
| campo de control de longitud fija |
ta |
| 008 - DATOS DE LONGITUD FIJA--INFORMACIÓN GENERAL |
| campo de control de longitud fija |
130625s1999 dr a 000 0 spa d |
| 020 ## - NÚMERO INTERNACIONAL ESTÁNDAR DEL LIBRO |
| Número Internacional Estándar del Libro |
8489953171 |
| 040 ## - FUENTE DE LA CATALOGACIÓN |
| Centro catalogador/agencia de origen |
DO-SdBNP |
| Lengua de catalogación |
spa |
| Centro/agencia transcriptor |
BNPHU |
| Normas de descripción |
rda |
| 041 ## - CÓDIGO DE LENGUA |
| Código de lengua del texto/banda sonora o título independiente |
spa |
| 082 #4 - NÚMERO DE LA CLASIFICACIÓN DECIMAL DEWEY |
| Número de clasificación |
929.6097293 |
| Número de documento/Ítem |
E93e 1999 |
| Número de edición |
22 |
| 110 2# - ENTRADA PRINCIPAL--NOMBRE DE ENTIDAD CORPORATIVA |
| Nombre de entidad corporativa o nombre de jurisdicción como elemento de entrada |
Banco Central de la República Dominicana |
| 9 (RLIN) |
83405 |
| 245 10 - MENCIÓN DE TÍTULO |
| Título |
Evolución del escudo dominicano / |
| Mención de responsabilidad, etc. |
edición, José Alcántara Almánzar ; ilustraciones Luis Aguasvivas y Roberto Lantigua. |
| 250 ## - MENCIÓN DE EDICIÓN |
| Mención de edición |
Segunda edición |
| 264 #4 - PRODUCCIÓN, PUBLICACIÓN, DISTRIBUCIÓN, FABRICACIÓN Y COPYRIGHT |
| Producción, publicación, distribución, fabricación y copyright |
Santo Domingo : |
| Nombre del de productor, editor, distribuidor, fabricante |
Banco Central de la República Dominicana, |
| Fecha de producción, publicación, distribución, fabricación o copyright |
©1999. |
| 300 ## - DESCRIPCIÓN FÍSICA |
| Extensión |
127 páginas : |
| Otras características físicas |
ilustraciones ; |
| Dimensiones |
24 cm. |
| 336 ## - TIPO DE CONTENIDO |
| Término de tipo de contenido |
texto |
| Código de tipo de contenido |
txt |
| Fuente |
rdacontent |
| 337 ## - TIPO DE MEDIO |
| Nombre/término del tipo de medio |
sin mediación |
| Código del tipo de medio |
n |
| Fuente |
rdamedia |
| 338 ## - TIPO DE SOPORTE |
| Nombre/término del tipo de soporte |
volumen |
| Código del tipo de soporte |
nc |
| Fuente |
rdacarrier |
| 504 ## - NOTA DE BIBLIOGRAFÍA, ETC. |
| Nota de bibliografía, etc. |
Bibliografía: páginas 125-127 |
| 505 ## - NOTA DE CONTENIDO CON FORMATO |
| Nota de contenido con formato |
Presentación, 3 -- Recorrido por la sala de exposición temporales, 5 -- Himno al escudo nacional, 6 PRIMERA VITRINA -- Armas nacionales, 1844, 7 -- Panel No.1. Armas nacionales, 1844, 7 -- Panel No. 2. Armas nacionales, 1848, 8 -- Panel No.3. Escudo nacional, 1848, 8 -- Panel No.4. Armas nacionales, 1849, 10 -- Panel No.5. Armas nacionales, 1853, 11 -- Panel No.6. Escudo nacional, 1857, 11 -- Panel No.7. Escudo nacional, 1860, 12 -- Panel No.8. Escudo nacional, 1866, 12 -- Panel No.9. Escudo nacional, 1867, 14 -- Panel No.10. Escudo nacional, 1870, 70 -- Panel No.11. Escudo nacional, 1874, 16 -- Panel No.12. Escudo nacional, 18886, 18 -- Panel No.13. Escudo nacional, 1889, 19 -- Panel No.14. Escudo nacional, 1898, 24 -- Panel No.15. Escudo nacional, 1905, 26 -- Serie del escudo, 26 -- Panel No.16. Escudo nacional, 1909, 27 -- Panel No.17. Escudo nacional, 1913, 28 -- Panel No.18. Escudo nacional, 1916, 31 -- Panel No.19. Escudo nacional, 1982, 33 -- Panel No.20. Escudo nacional, 1983, 36 -- SEGUNDA VITRINA -- Escudo nacional, 2010, 38 -- Bibliografía consultada, 41. |
| 590 ## - NOTA LOCAL (RLIN) |
| Nota local |
Inventariado, 2018/BT |
| 650 #4 - PUNTO DE ACCESO ADICIONAL DE MATERIA--TÉRMINO DE MATERIA |
| Término de materia o nombre geográfico como elemento de entrada |
Heraldica |
| Subdivisión geográfica |
República Dominicana |
| 9 (RLIN) |
11720 |
| 650 #4 - PUNTO DE ACCESO ADICIONAL DE MATERIA--TÉRMINO DE MATERIA |
| Término de materia o nombre geográfico como elemento de entrada |
Divisas (heraldica) |
| Subdivisión geográfica |
República Dominicana |
| 9 (RLIN) |
54536 |
| 700 1# - PUNTO DE ACCESO ADICIONAL--NOMBRE DE PERSONA |
| Nombre de persona |
Alcántara Almánzar, José |
| Fechas asociadas al nombre |
1946- |
| Término indicativo de función/relación |
ed. |
| 9 (RLIN) |
7018 |
| 700 1# - PUNTO DE ACCESO ADICIONAL--NOMBRE DE PERSONA |
| Nombre de persona |
Aguasvivas, Luis, |
| Término indicativo de función/relación |
il. |
| 9 (RLIN) |
65559 |
| 700 1# - PUNTO DE ACCESO ADICIONAL--NOMBRE DE PERSONA |
| Nombre de persona |
Lantigua, Roberto, |
| Término indicativo de función/relación |
il. |
| 9 (RLIN) |
65560 |
| 910 ## - DATOS DE OPCIÓN DEL USUARIO (OCLC) |
| Datos de opción del usuario |
Control de calidad. MFF |
| 942 ## - ELEMENTOS DE PUNTO DE ACCESO ADICIONAL (KOHA) |
| Fuente del sistema de clasificación o colocación |
Dewey Decimal Classification |
| Tipo de ítem Koha |
Libro |